Rappers involved in the 2024 rap beef - Statistics

General Stats
  • This quiz has been taken 58 times
  • The average score is 18 of 23
Answer Stats
Diss Track Answer % Correct
Push Ups Drake
100%
Taylor Made Freestyle Drake
100%
Family Matters Drake
100%
The Heart Pt 6 Drake
100%
Like That Kendrick Lamar
100%
Euphoria Kendrick Lamar
100%
6:16 in LA Kendrick Lamar
100%
Meet The Grahams Kendrick Lamar
100%
Not Like Us Kendrick Lamar
100%
First Person Shooter J Cole
88%
7 Minute Drill J Cole
88%
BBL Drizzy (Instrumental) Metro Boomin
87%
We Don't Trust You Future
83%
Out Of My Hands Future
83%
This Sunday Future
83%
We Still Don't Trust You Future
83%
Nobody Knows My Struggle Future
83%
Like That (Remix) Kanye West
63%
Champagne Moments Rick Ross
52%
Show Of Hands A$AP Rocky
42%
Highjack A$AP Rocky
42%
All To Myself The Weeknd
33%
Double Life Pharrell Williams
17%
No matching quizzes found
Score Distribution
Percent of People with Each Score
Percentile by Number Answered
Your Score History
You have not taken this quiz